00445nam a2200157Ia 450000500170000000800410001708200130005810000170007124500180008826000390010630000120014565000100015794200060016795200990017399900150027220250509052657.0240331s9999 xx 000 0 und d bBALa891 aBalendran, M 0aAmmayee kallu aChennaibThirumahal Nilaiyamc2006 a112 p., aNovel cL 001040708LaWERCLbWERCLcSSCd2024-03-31l0o 894.811 BALp5672r2024-03-31w2024-03-31yL c4384d4384